Iglesia, religión y sociedad en la historia latinoamericana (1492-1945). Congreso VIII de Asociación de Historiadores Latinoamericanistas de Europa
Na minha lista:
| Autor principal: | |
|---|---|
| Autor Corporativo: | |
| Formato: | Procedimiento de la Conferencia |
| Idioma: | Spanish |
| Publicado em: |
Szeged, Hungría :
Jate Kiadó
|
| Assuntos: | |
| Tags: |
Adicionar Tag
Sem tags, seja o primeiro a adicionar uma tag!
|
MARC
| LEADER | 00000 a2200000 04500 | ||
|---|---|---|---|
| 001 | 44647 | ||
| 003 | |||
| 008 | 050611s1989 hu spa d | ||
| 040 | |||
| 020 | |a sin ISBN | ||
| 022 | |a [Pendiente] | ||
| 090 | |a 0001 A543i | ||
| 100 | |a Anderle, Adám | ||
| 111 | |a Congreso VIII de Asociación de Historiadores Latinoamericanistas de Europa | ||
| 245 | |a Iglesia, religión y sociedad en la historia latinoamericana (1492-1945). |b Congreso VIII de Asociación de Historiadores Latinoamericanistas de Europa | ||
| 260 | |a Szeged, Hungría : |b Jate Kiadó | ||
| 300 | |a 277 páginas, Tomo IV | ||
| 500 | |a Colección Rosa María Pochet Coronado | ||
| 650 | |a RELIGION | ||
| 650 | |a IGLESIA | ||
| 650 | |a SOCIEDAD | ||
| 650 | |a GRUPOS DE PODER | ||
| 650 | |a HISTORIA | ||
| 650 | |a IDENTIDAD | ||
| 650 | |a IDEOLOGIAS | ||
| 650 | |a LATINOAMERICA | ||
| 650 | |a ESTADO | ||
| 650 | |a GRUPOS RELIGIOSOS | ||
| 650 | |a SISTEMAS POLITICOS | ||
| 650 | |a IGLESIA CATOLOCIA | ||
| 650 | |a IGLESIA PROTESTANTE | ||
| 650 | |a SOCIALCRISTIANO | ||
| 650 | |a MASONERIA | ||
| 999 | |c 10543 |d 10543 | ||
